000 00235nam a22000857a 4500
008 160708b xxu||||| |||| 00| 0 eng d
100 _92408
_a Herman., et al
245 _aScience for Work and Play
260 _aLondon
_b D.C.Heath & Com.
_c1973
999 _c2083
_d2083